Structure in Fives Designing Effective Organization (Record no. 12375)
[ view plain ]
| 000 -LEADER | |
|---|---|
| fixed length control field | 00229nam a22000977a 4500 |
| 020 ## - INTERNATIONAL STANDARD BOOK NUMBER | |
| ISBN | 9780134358352 |
| 082 ## - DEWEY DECIMAL CLASSIFICATION NUMBER | |
| Classification number | 658.402 |
| 100 ## - MAIN ENTRY--AUTHOR NAME | |
| Personal name | Henry Mintzberg |
| 245 ## - TITLE STATEMENT | |
| Title | Structure in Fives Designing Effective Organization |
| 942 ## - ADDED ENTRY ELEMENTS (KOHA) | |
| Koha item type | Books |
No items available.